| 000 | 01224nam a2200325 i 4500 | ||
|---|---|---|---|
| 001 | 12869 | ||
| 003 | KOSZ 005 | ||
| 005 | 20220121125104.0 | ||
| 008 | 080418s1960 pl f 001 0 eng | ||
| 015 | _aPB 1961/2033 | ||
| 040 |
_aWA N _cKOSZ 005/RW _dKOSZ 005/RW |
||
| 080 | _a53 | ||
| 100 | 1 |
_aInfeld, Leopold _d(1898-1968). |
|
| 245 | 1 | 0 |
_aMotion and relativity / _cLeopold Infeld, Jerzy Plebański ; Polska Akademia Nauk. |
| 260 |
_aWarszawa : _bPaństwowe Wydawnictwo Naukowe ; _aOxford : _bPergamon Press, _c1960. |
||
| 300 |
_a229 s. ; _c25 cm. |
||
| 380 | _aKsiążki. | ||
| 490 | 1 | _aMonografie Fizyczne / Polska Akademia Nauk. | |
| 504 | _aBibliogr. s. [221]-225. Indeks. | ||
| 506 | _aDo sprzedaży wyłącznie w Polsce. | ||
| 650 | 4 | _aTeoria względności | |
| 650 | 4 | _aGrawitacja | |
| 650 | 4 | _aRuch | |
| 700 | 1 |
_aPlebański, Jerzy _d(1928-2005). _eAutor |
|
| 710 | 2 |
_aPaństwowe Wydawnictwo Naukowe _4pbl. |
|
| 710 | 2 |
_aPergamon Press (Oxford) _4pbl. |
|
| 830 | 0 | _aMonografie Fizyczne - Polska Akademia Nauk. | |
| 856 |
_uhttp://koha.tu.koszalin.pl/cgi-bin/koha/opac-detail.pl?biblionumber=12869 _yKatalog online BPK |
||
| 942 |
_2UKD _cKS |
||
| 999 |
_c12869 _d12869 |
||